000 00269nam a22001097a 4500
008 160518b xxu||||| |||| 00| 0 eng d
020 _a007252569X
041 _aeng
080 _a61
245 _aCore concepts in health;
_cPaul M. Insel; Walton T. Roth;
942 _2udc
_cBK
999 _c2206
_d2206